|
|
|
|
| LEADER |
00964nam a2200229 a 4500 |
| 001 |
000608765 |
| 003 |
CZ BrMZK |
| 005 |
20040419123030.0 |
| 007 |
ta |
| 008 |
020701s1958 xr f ger d |
| 040 |
|
|
|a BOA001
|b cze
|c BOA001
|
| 100 |
1 |
|
|a Kratochvíl, Josef,
|d 1909-1992
|7 jk01062981
|4 aut
|
| 245 |
1 |
0 |
|a Ergebnisse der zoologischen Expedition der Tschechoslowakischen Akademie der Wissenschaften nach Bulgarien.
|n Teil 1 /
|c Josef Kratochvíl ... [et al.]
|
| 260 |
|
|
|a Praha :
|b Československá akademie věd,
|c 1958
|
| 300 |
|
|
|a s. 371-433, příl.
|
| 490 |
1 |
|
|a Práce brněnské základny Československé akademie věd ;
|v sv. 30, seš. 9, spis 375, 376, 377
|
| 500 |
|
|
|a Název a úvod též česky
|
| 504 |
|
|
|a Obsahuje bibliografie
|
| 830 |
|
0 |
|a Práce brněnské základny Československé akademie věd
|
| 910 |
|
|
|a BOA001
|b 2-0404.920
|
| 990 |
|
|
|a BK
|
| 996 |
6 |
|
|b 2619129282
|c 2-0404.920
|l MZK
|r Sklad / do 24 hodin
|n 0
|w 000608765
|u 000010
|a 1
|e BOA001
|j MZK50
|s P
|